3306-津和野町(島根県)の駅 - Statistics

General Stats
  • This quiz has been taken 3 times
  • The average score is 3 of 5
Answer Stats
Answer % Correct
津和野
100%
青野山
67%
日原
67%
青原
33%
東青原
33%
No matching quizzes found
Score Distribution
Percent of People with Each Score
Percentile by Number Answered
Your Score History
You have not taken this quiz